000
00231nam a2200097Ia 4500
008
170619s9999 xx 000 0 und d
100
_a
Singh R P
245
3
_a
An Anthologh of English Essays
260
_b
Oxford Uni. Press
260
_c
2004
546
_a
ENGLISH
999
_c
17348
_d
17348